000 00341nam a2200157Ia 4500
001 10865
003 IN-NITTTR
005 20251114233101.0
008 251113s9999||||xx |||||||||||||| ||eng||
040 _beng
040 _cIN-NITTTR
041 _aeng
082 _a912 A92N
245 0 _aNew map's Indian school atlas. /
942 _2ddc
_cBK
999 _c13501
_d13501